00889nam a2200181 i 4500001000700000003000900007005001700016008004100033080001000074100006000084245024600144260005400390300002100444530003500465650001200500852007200512856012300584156460ES-MaACL20250930063134.0931025s1848 sp |||| | spa d a397.71 aJove y Hevia, Plácido de, cVizconde de Campo Grande10aEstudios sobre el duelo : bcon aplicación a las disposiciones que acerca de el contiene el proyecto de Código penal leído por el Congreso [sic] en el Senado en la sesión del día 3 de febrero de 1848 / cpor Plácido Jove y Hevia. aMadrid : b[s.n.], c1848 (fImp. de D.L. Cordon) a33 p. ; c20 cm. aDisponible en formato digital. 4aDuelos.4 aES-MaACLjT-29-F-7 z- Enc. hol. z- Enc. en un vol. facticio4 uhttp://bibliotecavirtual.asturias.es/i18n/consulta/registro.cmd?id=1497zBiblioteca Virtual del Principado de Asturias